2025 UEFA Europa League Teams Logos - Statistics

General Stats
  • This quiz has been taken 140 times
  • The average score is 29 of 36
Answer Stats
Picture Answer % Correct
Manchester United
99%
Ajax
98%
Lazio
98%
Porto
98%
Rangers
98%
Roma
98%
Tottenham Hotspur
98%
Athletic Bilbao
97%
Real Sociedad
97%
Eintracht Frankfurt
96%
Lyon
96%
Galatasaray
94%
Olympiacos
94%
Beşiktaş
92%
Dynamo Kyiv
90%
Hoffenheim
90%
Nice
90%
Anderlecht
89%
Malmö
87%
Fenerbahçe
86%
Braga
84%
AZ Alkmaar
82%
Twente
78%
PAOK
74%
Bodø
73%
FCSB
66%
Union Saint-Gilloise
61%
Qarabağ
60%
Ferencváros
59%
Ludogorets
58%
Viktoria Plzeň
58%
Midtjylland
57%
Maccabi Tel Aviv
54%
Slavia Prague
52%
Elfsborg
42%
RFS
30%
No matching quizzes found
Score Distribution
Percent of People with Each Score
Percentile by Number Answered
Your Score History
You have not taken this quiz